000
00412nam a2200133Ia 4500
008
151001s9999||||xx |||||||||||||| ||und||
100
_a
मीनाक्षी सरदेसाई
245
_a
बिरबलाच्या चातुर्यकथा
250
_a
1
260
_b
"परी प्रकाशन,कोल्हापूर "
260
_c
2013
300
_a
176
365
_b
24
999
_c
1000357
_d
1000354